Modern Day Countries of the Danish Colonial Empire - Statistics

General Stats
  • This quiz has been taken 275 times
  • The average score is 3 of 5
Answer Stats
Continent Years Occupied Country % Correct
Europe 1536, 1814-1944 Iceland
88%
Asia 1620-1868 India
60%
Africa 1658-1850 Ghana
57%
Europe 1206-1645 Estonia
39%
Europe 1559-1585 Latvia
35%
No matching quizzes found
Score Distribution
Percent of People with Each Score
Percentile by Number Answered
Your Score History
You have not taken this quiz